Ciri-ciri Kepimpinan Pelajar Pintar dan Berbakat: Implikasi ke atas Kepimpinan Remaja Islam

Leadership is an important characteristic that enables Gifted and Talented Students (GTS) to assume responsibility in the near future. This study aims to examine the levels of leadership characteristic and identify the leadership characteristics profiles amongst GTS. A total of 171 students (93 from...

Full description

Saved in:  
Bibliographic Details
Subtitles:Leadership Characteristic of the Gifted and Talented Student: Implication on Islamic Youth Leadership
Übersetzung des Haupttitels
Main Author: Yusof, Roslinda (Author)
Format: Electronic Article
Language:Malay
Check availability: HBZ Gateway
Interlibrary Loan:Interlibrary Loan for the Fachinformationsdienste (Specialized Information Services in Germany)
Published: 2014
In: International journal of islamic thought
Year: 2014, Volume: 6, Pages: 57-70
Online Access: Volltext (kostenfrei)

MARC

LEADER 00000caa a22000002c 4500
001 1808452437
003 DE-627
005 20231024094646.0
007 cr uuu---uuuuu
008 220629s2014 xx |||||o 00| ||may c
035 |a (DE-627)1808452437 
035 |a (DE-599)KXP1808452437 
040 |a DE-627  |b ger  |c DE-627  |e rda 
041 |a may 
084 |a 0  |2 ssgn 
100 1 |a Yusof, Roslinda  |e VerfasserIn  |4 aut 
245 1 0 |a Ciri-ciri Kepimpinan Pelajar Pintar dan Berbakat  |b Implikasi ke atas Kepimpinan Remaja Islam 
246 1 |i Abweichender Titel  |a Übersetzung des Haupttitels: 
246 1 |i Übersetzung des Haupttitels  |a Leadership Characteristic of the Gifted and Talented Student: Implication on Islamic Youth Leadership 
264 1 |c 2014 
336 |a Text  |b txt  |2 rdacontent 
337 |a Computermedien  |b c  |2 rdamedia 
338 |a Online-Ressource  |b cr  |2 rdacarrier 
520 |a Leadership is an important characteristic that enables Gifted and Talented Students (GTS) to assume responsibility in the near future. This study aims to examine the levels of leadership characteristic and identify the leadership characteristics profiles amongst GTS. A total of 171 students (93 from High School Gifted Students and 78 from the Pre-University Gifted Students) were involved in the study. The study employs a cross-sectional survey design and data was collected using questionnaire namely Student Leadership Characteristics Questionnaire (SLCQ). Data shows that GTS posses a high level of leadership characteristic. It is also found that collegiality indicates the highest score of the leadership characteristic, followed by leadership behaviour, influence competency, spiritual ethics, work relation, transformation and cohesion. Whereas, self-esteem, leadership efficacy, and visionary were among the average high and self-monitoring was the lowest leadership characteristic. The findings also indicated that female students possess higher leadership characteristics in comparison to the male students. Races such as Punjab and Bumiputra Sabah and Sarawak descend possess higher scores compared to the Chinese and Malays, whereas the Indians scored the lowest. Lastly, students from the High School Gifted Education Program possess higher leadership characteristics in comparison to the students from Pre-University Gifted Program. The study has proven that leadership characteristics were embedded in the GTS personality. The findings of this research provided a fundamental basis to be used in the future leadership education program for the gifted students and the leadership character development programs for Islamic youth in local school context 
773 0 8 |i Enthalten in  |t International journal of islamic thought  |d Kuala Lumpur : [Verlag nicht ermittelbar], 2012  |g 6(2014), Seite 57-70  |h Online-Ressource  |w (DE-627)719756103  |w (DE-600)2673145-9  |w (DE-576)368347478  |x 2289-6023  |7 nnas 
773 1 8 |g volume:6  |g year:2014  |g pages:57-70 
856 4 0 |u http://www.ukm.my/ijit/wp-content/uploads/2016/01/IJIT-Vol-6-Dec-2014_6_57-70.pdf  |x Verlag  |z kostenfrei  |3 Volltext  |7 0 
935 |a mteo 
951 |a AR 
ELC |a 1 
LOK |0 000 xxxxxcx a22 zn 4500 
LOK |0 001 4158383722 
LOK |0 003 DE-627 
LOK |0 004 1808452437 
LOK |0 005 20220629035048 
LOK |0 008 220629||||||||||||||||ger||||||| 
LOK |0 035   |a (DE-Tue135)719756103_6_2014_57 
LOK |0 040   |a DE-Tue135  |c DE-627  |d DE-Tue135 
LOK |0 092   |o n 
LOK |0 852   |a DE-Tue135 
LOK |0 852 1  |9 00 
LOK |0 935   |a imwa  |a ixzs  |a rwrk 
LOK |0 939   |a 29-06-22  |b l01 
OAS |a 1 
ORI |a SA-MARC-ixtheoa001.raw 
REL |a 1 
SUB |a REL